Zelda Bosses Quiz Stats

 Plays Quiz Updated Oct 29, 2015

Score 0/154 Timer 10:00
0 Plays Today
Game Boss % Correct
Legend of ZeldaGanon
94.1%
A Link to the PastGanon
94.1%
Ocarina of TimeGanon
94.1%
Oracle of Seasons/AgesGanon
94.1%
Four Swords AdventuresGanon
94.1%
Ocarina of TimeGanondorf
82.1%
Wind WakerGanondorf
82.1%
Twilight PrincessGanondorf
82.1%
Ocarina of TimeKing Dodongo
67.7%
Legend of ZeldaGohma
67.6%
Oracle of SeasonsGohma
67.6%
Wind WakerGohma
67.6%
Ocarina of TimeQueen Gohma
66.6%
Ocarina of TimePhantom Ganon
61.1%
Ocarina of TimeTwinrova
60.8%
Oracle of Seasons/AgesTwinrova
60.8%
Majora's MaskMajora
60.4%
Four Swords AdventuresPhantom Ganon
58.7%
Ocarina of TimeBongo Bongo
58.1%
Legend of ZeldaDodongo
56.6%
Oracle of SeasonsDodongo
56.6%
Four Swords AdventuresDodongo
56.6%
Ocarina of TimeVolvagia
53.7%
Breath of the WildCalamity Ganon
51.5%
Ocarina of TimeMorpha
49.2%
Breath of the WildWaterblight Ganon
48.9%
Breath of the WildWindblight Ganon
48.4%
Breath of the WildFireblight Ganon
48.4%
Majora's MaskGoht
48.1%
The Adventure of LinkShadow Link
47.8%
Breath of the WildThunderblight Ganon
46.6%
Ocarina of TimeBarinade
46.5%
Twilight PrincessZant
46.3%
Four Swords AdventuresVaati
44.2%
Minish CapVaati
44.2%
Skyward SwordDemise
43.5%
Majora's MaskGyorg
43.4%
Skyward SwordGhirahim
43.1%
Skyward SwordGhirahim
43.1%
Skyward SwordGhirahim
43.1%
Majora's MaskTwinmold
41.9%
Majora's MaskOdolwa
40.2%
Tri Force HeroesMoldorm
37.7%
A Link Between WorldsMoldorm
35.6%
A Link to the PastMoldorm
35.2%
Link's AwakeningMoldorm
35.2%
Wind WakerPuppet Ganon
35.2%
Twilight PrincessMorpheel
35.1%
Twilight PrincessStallord
34.7%
Four Swords AdventuresMoldorm
34.6%
Breath of the WildDark Beast Ganon
33.9%
Twilight PrincessBlizzeta
33.4%
Game Boss % Correct
Skyward SwordThe Imprisoned
33.1%
Legend of ZeldaGleeok
33.1%
Oracle of SeasonsGleeok
33.1%
Phantom HourglassGleeok
33.1%
Wind WakerHelmaroc King
32.8%
Legend of ZeldaAquamentus
32.7%
Oracle of SeasonsAquamentus
32.7%
Twilight PrincessFyrus
31.3%
Twilight PrincessArmogohma
31.2%
Twilight PrincessDiababa
30.8%
Legend of ZeldaManhandla
30.5%
Oracle of SeasonsManhandla
30.5%
Minish CapBig Green ChuChu
30.3%
Oracle of AgesShadow Hag
30.2%
A Link to the PastAgahnim
29.9%
Wind WakerMolgera
29.8%
Legend of ZeldaDigdogger
29.2%
Oracle of SeasonsDigdogger
29.2%
Skyward SwordKoloktos
29%
A Link Between WorldsYuga
28.9%
Link's AwakeningDethl
28.8%
Oracle of SeasonsGeneral Onox
28.8%
Twilight PrincessArgorok
28.5%
A Link to the PastHelmasaur King
28.4%
Breath of the WildMaster Kohga
28.4%
Wind WakerJalhalla
28.2%
Four Swords AdventuresJalhalla
28.2%
A Link to the PastBlind
27.5%
The Adventure of LinkHorsehead
26.8%
The Adventure of LinkThunderbird
26.8%
Wind WakerKalle Demos
26.8%
Phantom HourglassBellum
26.5%
Wind WakerGohdan
26.4%
Oracle of AgesVeran
26.3%
A Link to the PastArmos Knights
25.5%
Skyward SwordTentalus
24.8%
A Link to the PastMothula
24.7%
Oracle of SeasonsMothula
24.7%
Skyward SwordScaldera
24.3%
Tri Force HeroesArrghus
23.7%
A Link Between WorldsYuga-Ganon
23.5%
Minish CapBig Octorok
23.4%
A Link to the PastTrinexx
22.1%
Spirit TracksMalladus
22.1%
Four Swords AdventuresStone Arrghus
21.8%
Four Swords AdventuresFrostare
21.8%
Link's AwakeningGenie
21.8%
Link's AwakeningEvil Eagle
21.7%
Link's AwakeningAngler Fish
21.7%
A Link to the PastArrghus
21.5%
A Link to the PastKholdstare
21.4%
Link's AwakeningFacade
21.3%
Game Boss % Correct
Skyward SwordMoldarach
20.8%
The Adventure of LinkHelmethead
20.5%
A Link Between WorldsArrghus
20.2%
Skyward SwordLevias and Bilocyte
20.1%
A Link to the PastLanmolas
20%
Minish CapGyorg Pair
19%
Link's AwakeningSlime Eyes
18.6%
Spirit TracksFraaz
18.2%
Tri Force HeroesThe Lady
18.1%
The Adventure of LinkBarba
18.1%
Oracle of AgesPumpkin Head
18%
A Link to the PastVitreous
17.9%
Phantom HourglassBlaaz
17.9%
Link's AwakeningHothead
17.9%
Minish CapGleerok
17.8%
Spirit TracksByrne
17.4%
Spirit TracksDemon Train
17.2%
The Adventure of LinkGooma
16.9%
Link's AwakeningSlime Eel
16.7%
Oracle of SeasonsMedusa's Head
15.8%
Phantom HourglassEox
15.4%
Oracle of AgesHead Thwomp
15.3%
The Adventure of LinkCarock
14.9%
Phantom HourglassDiabolical Cubus Sisters
14.8%
Phantom HourglassDongorongo
14.5%
A Link Between WorldsGemesaur King
14.4%
Spirit TracksStagnox
14.1%
A Link Between WorldsStalblind
14%
Spirit TracksSkeldritch
13.9%
Minish CapMazaal
13.5%
A Link Between WorldsDharkstare
13.5%
Tri Force HeroesThe Lady's Pets
13.2%
The Adventure of LinkRebonack
13.1%
Oracle of AgesSmog
12.9%
Oracle of AgesRamrock
12.8%
Phantom HourglassCyclok
12.7%
Spirit TracksCragma
12.6%
Phantom HourglassCrayk
12.3%
Spirit TracksPhytops
11.7%
A Link Between WorldsGrinexx
11.6%
Oracle of AgesOctogon
11.6%
Oracle of AgesEyesoar
11.5%
Oracle of AgesPlasmarine
11.5%
A Link Between WorldsKnucklemaster
11.2%
A Link Between WorldsMargomill
10.8%
Tri Force HeroesBlizzagia
10%
Tri Force HeroesStalchampion
10%
A Link Between WorldsZaganaga
9.5%
Tri Force HeroesMargoma
9.5%
Tri Force HeroesPrismantus
8%

You're not logged in!

Compare scores with friends on all Sporcle quizzes.
OR
Log In

Sporcle TV

Today on Sporcle TV


Watch our educational content, quiz creation guides, and fun videos on Sporcle TV.

Show Comments

Extras

Top Quizzes Today


Score Distribution

Your Account Isn't Verified!

In order to create a playlist on Sporcle, you need to verify the email address you used during registration. Go to your Sporcle Settings to finish the process.

Report this User

Report this user for behavior that violates our Community Guidelines.

Details: